| 000 | 00497nam a2200169 4500 | ||
|---|---|---|---|
| 003 | SEACOMMC | ||
| 005 | 20250419140816.0 | ||
| 008 | 241003b |||||||| |||| 00| 0 eng d | ||
| 020 |
_a978-81-3172-285-5. _cRs.325.00 |
||
| 040 | _aSEACOMMC | ||
| 082 |
_a657.48 _bG 977 |
||
| 100 | _a Gupta, Ambrish | ||
| 245 | 1 |
_aFinancial Accounting for Management : an Analytical Perspective _c Ambrish Gupta. |
|
| 260 |
_aSingapore _b Pearson Education _c 2005 |
||
| 650 | _a Financial Accounting | ||
| 942 | _cBOOK | ||
| 999 |
_c622 _d622 |
||